000
00318nam a2200145Ia 4500
008
191201s2011 xx 000 0 und d
082
_a
658.15
_b
MUM
100
_a
GUPTA, G.S
245
0
_a
Managerial Economics
250
_a
2nd
260
_a
N. Delhi
_b
TMH
_c
2011
300
_a
431
650
_a
BBA
942
_2
ddc
_c
BK
999
_c
4888
_d
4888